000 00519nam a2200181Ia 4500
005 20250326142238.0
008 250326s9999 xx 000 0 und d
037 _aTextbook
040 _aFMSL
_beng
_cFMSL
041 _aeng
_2eng
084 _aY31.43 N4
_qFMSL
100 _aAgarwal B
_9745791
245 2 _aA Field of ones own: Gender and lane rights in South Ashia
_cAgarwal B
260 _aLondon
_bLondon, Pfeiffer
_c1972
300 _a279p
942 _cTB
_hY31.43 N4
999 _c1294108
_d1294108